000 00253nam a2200121Ia 4500
082 _a615.4
_bP12G
100 _aGAUD, R.S.
245 _aPRACTICAL PHYSICAL PHARMACY
260 _bCBS- DELHI
300 _a238
650 _aPAHRMACY
942 _2ddc
_cBK
_023
999 _c7116
_d7116